000 00619nam a2200205Ii 4500
001 14357
003 CO-ViMGA
008 241108s9999||||xx |||||||||||||| ||und||
040 _aCO-ViMGA
_bspa
_erda
_cCO-ViMGA
041 0 _aspa
082 0 4 _aR 624.03 A74d
100 1 _aRoberto Arias Aristizabal
_951759
245 1 0 _aDiccionario técnico de ingenieria civil
264 1 _aBogotá, Colombia : Universidad De Medellin, 1996
300 _avolumen
336 _atext
_btxt
_2rdacontent
337 _aunmediated
_bn
_2rdamedia
338 _avolume
_bnc
_2rdacarrier
940 _aidficha_siabuc: 14053. -- ficha_no_siabuc:14357
999 _c46514
_d46514